Regional studies and rural development / (Record no. 15779)

MARC details
000 -LEADER
fixed length control field 00874cam a2200265 a 4500
001 - CONTROL NUMBER
control field 4832437
003 - CONTROL NUMBER IDENTIFIER
control field 000
005 - DATE AND TIME OF LATEST TRANSACTION
control field 20170823110955.0
007 - PHYSICAL DESCRIPTION FIXED FIELD--GENERAL INFORMATION
fixed length control field 000
008 - FIXED-LENGTH DATA ELEMENTS--GENERAL INFORMATION
fixed length control field 900510s1990 enka b 001 0 eng
010 ## - LIBRARY OF CONGRESS CONTROL NUMBER
LC control number 90000832
020 ## - INTERNATIONAL STANDARD BOOK NUMBER
International Standard Book Number 0566071533 :
Terms of availability $49.00
040 ## - CATALOGING SOURCE
Original cataloging agency UOEL
Transcribing agency DLC
Modifying agency DLC
050 00 - LIBRARY OF CONGRESS CALL NUMBER
Classification number HT391
Item number .H556 1990
082 00 - DEWEY DECIMAL CLASSIFICATION NUMBER
Classification number 338.9
Edition number 20
100 1# - MAIN ENTRY--PERSONAL NAME
Personal name Hilhorst, J. G. M.
Fuller form of name (Jozef Gijsbertus Maria)
245 10 - TITLE STATEMENT
Title Regional studies and rural development /
Statement of responsibility, etc. J.G.M. Hilhorst.
260 ## - PUBLICATION, DISTRIBUTION, ETC. (IMPRINT)
Place of publication, distribution, etc. Aldershot, Hants, England :
Name of publisher, distributor, etc. Avebury ;
Place of publication, distribution, etc. Brookfield, Vt., USA :
Name of publisher, distributor, etc. Gower Pub. Co.,
Date of publication, distribution, etc. c1990.
300 ## - PHYSICAL DESCRIPTION
Extent xiii, 340 p. :
Other physical details ill. ;
Dimensions 23 cm.
504 ## - BIBLIOGRAPHY, ETC. NOTE
Bibliography, etc Includes bibliographical references (p. 310-328) and index.
650 #0 - SUBJECT ADDED ENTRY--TOPICAL TERM
Topical term or geographic name as entry element Regional planning
General subdivision Methodology.
Topical term or geographic name as entry element Rural development.
906 ## - LOCAL DATA ELEMENT F, LDF (RLIN)
a 7
b cbc
c orignew
d 1
e ocip
f 19
g y-gencatlg
942 ## - ADDED ENTRY ELEMENTS (KOHA)
Source of classification or shelving scheme Library of Congress Classification
Koha item type SES Book
Holdings
Withdrawn status Lost status Source of classification or shelving scheme Damaged status Not for loan Home library Current library Shelving location Date acquired Total Checkouts Full call number Barcode Date last seen Copy number Price effective from Koha item type
    Library of Congress Classification     UOE Main Library UOE Main Library Open shelf 23/08/2017   HT391 .H556 1990 10001152 27/04/2026 10001152 23/08/2017 SES Book